|
|
|
|
| LEADER |
00000nam0a2200000 4500 |
| 001 |
365032 |
| 005 |
20231102011739.0 |
| 035 |
|
|
|a (RuTPU)RU\TPU\retro\22395
|
| 090 |
|
|
|a 365032
|
| 100 |
|
|
|a 20211209d1981 km y0rusy50 ca
|
| 101 |
0 |
|
|a rus
|
| 102 |
|
|
|a BY
|
| 105 |
|
|
|a y z 001zy
|
| 200 |
1 |
|
|a Подгрупповое строение конечных групп
|e труды гомельского семинара
|f Академия наук Белорусской ССР, Институт математики ; под ред. В. С. Мнахова
|
| 210 |
|
|
|a Минск
|c Наука и техника
|d 1981
|
| 215 |
|
|
|a 232 с.
|c ил.
|
| 320 |
|
|
|a Библиогр. в конце ст.
|
| 606 |
1 |
|
|a Группы конечные
|2 stltpush
|3 (RuTPU)RU\TPU\subj\8865
|9 36195
|
| 610 |
1 |
|
|a алгебра
|
| 610 |
1 |
|
|a подгруппы
|
| 610 |
1 |
|
|a строение
|
| 610 |
1 |
|
|a составные группы
|
| 610 |
1 |
|
|a полиадические группы
|
| 675 |
|
|
|a 512.542
|v 4
|
| 702 |
|
1 |
|a Мнахов
|b В. С.
|4 340
|
| 712 |
0 |
2 |
|a Академия наук Белорусской ССР
|b Институт математики
|c (Минск)
|2 stltpush
|3 (RuTPU)RU\TPU\col\19400
|9 27476
|
| 801 |
|
1 |
|a RU
|b 63413507
|c 20211209
|
| 942 |
|
|
|c BK
|